000 00298nam a22001337a 4500
008 170922b xxu||||| |||| 00| 0 eng d
020 _a9780962888717
041 _aeng
080 _a37
100 _a46
101 _aEDU
245 _aHANDBOOK FOR COLLEGE TEACHING
_cMILLER,W.R
942 _2udc
_cBK
999 _c29158
_d29158